[Event "Stay Safe Play From Home 256"]
[Site "Emanuel Lasker Arena"]
[Date "2020.06.26"]
[Round "1"]
[White "Lnram"]
[Black "Buzaglo"]
[Result "1-0"]
[WhiteElo "2473"]
[BlackElo "1948"]
[Annotator "TA"]
[PlyCount "91"]
[EventDate "2020.06.26"]
[EventType "swiss (blitz)"]

{[%evp 14,91,83,78,88,61,58,42,54,47,50,53,95,41,146,154,156,119,132,109,128,96,114,0,201,197,200,169,235,233,301,297,289,278,284,278,396,396,402,384,393,397,423,402,423,382,395,400,430,433,411,424,431,428,425,418,542,539,595,590,556,478,689,626,688,659,887,876,1351,1281,12834,1348,1397,1375,1298,959,816,776,755,746]} 1. g3 e6 2. Bg2 d5 3. Nf3 Nf6 4. O-O c5 5. d4 Nc6 6. c4 cxd4 7. Nxd4 Nxd4 8. Qxd4 Be7 {E01: Catalan: Early deviations.} 9. Bg5 dxc4 10. Qxc4 {[#]} O-O $146 {White is slightly better.} ({Predecessor:} 10... Nd5 11. Bxe7 Nxe7 12. Nc3 O-O 13. Rfd1 Qb6 14. b4 Nc6 15. Rab1 Ne5 16. Qe4 f6 17. b5 Rb8 18. Qb4 {1-0 (18) Moradi,B-Ghozali,C Genting Highlands 1998}) 11. Nc3 Bd7 12. Rfd1 Rb8 13. Rac1 (13. a4 $16) 13... Nd5 (13... h6 $14 14. Bxf6 Bxf6) 14. Bxe7 $16 ({Don't play} 14. Nxd5 $6 Bxg5 15. Ne3 Rc8 $11) 14... Qxe7 15. Nxd5 exd5 16. Qxd5 Be6 17. Qd6 Qf6 18. Bd5 (18. Qa3 $16) 18... Bxd5 $2 {[#] White stays focused until the end.} (18... Rfd8 $11 19. Qc5 Bxd5 20. Rxd5 Qxb2 {[%mdl 64] Double Attack} 21. Rxd8+ Rxd8) 19. Qxf6 $18 ({Much less strong is} 19. Qxd5 $6 Qxb2 20. e3 Qb6 $14) 19... gxf6 20. Rxd5 $11 {[%mdl 4096] Endgame KRR-KRR} Rfe8 (20... Rbc8 $142 21. Rxc8 Rxc8) 21. e3 $18 b5 22. Rc7 a5 23. Rdd7 Rf8 24. Rb7 Rbc8 (24... Rxb7 {might work better.} 25. Rxb7 b4) 25. Rxb5 a4 26. Rb4 Ra8 27. a3 Rfc8 28. Rdd4 Rc2 29. Rb7 Rc1+ 30. Kg2 Rc2 31. Rdd7 Rf8 32. Rd6 Kg7 33. Ra6 Rc4 34. Rbb6 Rc2 35. Rxa4 {White is clearly winning.} Rfc8 36. Rg4+ Kf8 37. b4 Ke7 (37... Ra8 $142 38. Rf4 Kg7 39. Rbxf6 Rc7) 38. Rb7+ Kf8 39. Rh4 R2c3 40. Rxh7 Kg8 41. Rbxf7 Rxa3 42. Rhg7+ Kh8 43. Rg4 Ra6 44. b5 Rb6 45. h4 Rxb5 46. Rxf6 {Accuracy: White = 75%, Black = 50%.} 1-0

[Event "Stay Safe Play From Home 256"]
[Site "Emanuel Lasker Arena"]
[Date "2020.06.26"]
[Round "1"]
[White "AChessPlayer"]
[Black "Bardellosport"]
[Result "1-0"]
[WhiteElo "2399"]
[BlackElo "2029"]
[Annotator "TA"]
[PlyCount "59"]
[EventDate "2020.06.26"]
[EventType "swiss (blitz)"]

{[%evp 9,59,-44,-40,-38,-41,-40,-15,-80,-14,-16,-16,-26,-6,-17,53,-58,27,-131,12,0,41,42,35,35,39,42,79,56,151,65,313,313,296,160,175,135,269,264,324,325,259,147,158,152,833,828,800,725,29969,6619,29984,2293]} 1. g3 e5 2. Bg2 d5 3. c3 c6 4. d4 e4 5. Bf4 f5 6. h4 {A00: Irregular Openings.} Nf6 {[#]} 7. e3 $146 ({Predecessor:} 7. Bg5 h6 8. Bxf6 Qxf6 9. e3 g6 10. Ne2 Bd6 11. Nf4 Bxf4 12. gxf4 Be6 13. Bf1 {1-0 (76) Breithut,K (2035)-Graef,H (2150) Bayern 1995}) 7... Bd6 8. a3 (8. Ne2 $11 {remains equal.}) 8... Qe7 (8... Bxf4 $17 9. gxf4 Qb6) 9. Ne2 $11 O-O 10. Qc2 Nbd7 11. c4 b6 (11... dxc4 $11 12. Qxc4+ Nd5) 12. Nbc3 ({White should try} 12. cxd5 $14 c5 13. Nbc3) 12... Bb7 (12... dxc4 $15 13. b3 cxb3 14. Qxb3+ Kh8 15. Bxd6 Qxd6) 13. b4 $2 (13. Qb3 $11) 13... Rac8 (13... dxc4 $17 14. O-O Nd5 15. Nxd5 cxd5 16. Bxd6 Qxd6) 14. c5 bxc5 15. bxc5 Bxf4 16. Nxf4 Ng4 17. Bf1 Rb8 18. Be2 Bc8 (18... Ndf6 $14) 19. O-O (19. Qa4 $1 $16) 19... g5 $2 (19... Ndf6 $1 $14) 20. hxg5 $18 Qxg5 21. Kg2 ({White should play} 21. Bxg4 $18 Qxg4 22. Qa4) 21... Ndf6 $16 22. Rh1 h5 (22... Rb7 $16 23. Rab1 Qg7) 23. Rh4 $18 Rf7 24. Rah1 $1 Rh7 25. Rb1 (25. Qa4 $18 Bd7 26. Qxa7) 25... Rxb1 $16 26. Qxb1 {Threatens to win with Qb8.} Rc7 $2 {This costs Black the game.} (26... Qg7 $16 27. Qb8 Qb7) 27. Qb8 $18 Ne8 {[#]} 28. Ba6 $1 {[%mdl 512]} Bxa6 29. Qxe8+ {[%mdl 64] Double Attack} Kg7 30. Rxh5 {Accuracy: White = 54%, Black = 18%.} (30. Ne6+ $142 Kh6 31. Nxg5 Nf6 {[#]} 32. Qd8 $1 {[%mdl 512]} Kxg5 33. Qxc7 {[%mdl 64] Double Attack} Kg6 34. Qxc6 {[%mdl 64] Double Attack} Bc4 35. Qe6 $1 {[%mdl 512]}) 1-0

[Event "Stay Safe Play From Home 256"]
[Site "Emanuel Lasker Arena"]
[Date "2020.06.26"]
[Round "1"]
[White "SoulofWolf"]
[Black "Haris kollari 13"]
[Result "1-0"]
[WhiteElo "2278"]
[BlackElo "1724"]
[Annotator "NA RC"]
[PlyCount "67"]
[EventDate "2020.06.26"]
[EventType "swiss (blitz)"]

1. Nc3 {[%emt 0:00:01]} e6 {[%emt 0:00:00]} 2. d4 {[%emt 0:00:00]} d5 {[%emt 0:00:00]} 3. e4 {[%emt 0:00:00]} c6 {[%emt 0:00:01]} 4. e5 {[%emt 0:00:01]} c5 {[%emt 0:00:01]} 5. f4 {[%emt 0:00:00]} Nc6 {[%emt 0:00:01]} 6. dxc5 {[%emt 0:00:01]} Bxc5 {[%emt 0:00:02]} 7. Nf3 {[%emt 0:00:00]} Bd7 {[%emt 0:00:01]} 8. a4 {[%emt 0:00:01]} Nge7 {[%emt 0:00:01]} 9. Nb5 {[%emt 0:00:00]} O-O {[%emt 0:00:03]} 10. c3 {[%emt 0:00:01]} a6 {[%emt 0:00:01]} 11. Nbd4 {[%emt 0:00:00]} Rc8 {[%emt 0:00:02]} 12. Be2 {[%emt 0:00:02]} Qb6 {[%emt 0:00:02]} 13. O-O {[%emt 0:00:05]} f6 {[%emt 0:00:01]} 14. Kh1 {[%emt 0:00:01]} fxe5 {[%emt 0:00:01]} 15. fxe5 {[%emt 0:00:00]} Ng6 {[%emt 0:00:02]} 16. b4 {[%emt 0:00:04]} Be7 {[%emt 0:00:04]} 17. a5 {[%emt 0:00:01]} Qc7 {[%emt 0:00:02]} 18. Nxc6 {[%emt 0:00:05]} Qxc6 {[%emt 0:00:03]} 19. Bb2 {[%emt 0:00:01]} Qc7 {[%emt 0:00:03]} 20. Qd4 {[%emt 0:00:01]} Bb5 {[%emt 0:00:04]} 21. Bxb5 {[%emt 0:00:01]} axb5 {[%emt 0:00:01]} 22. a6 {[%emt 0:00:02]} b6 {[%emt 0:00:03]} 23. a7 {[%emt 0:00:01]} Ra8 {[%emt 0:00:01]} 24. Ra6 {[%emt 0:00:01]} Rxa7 {[%emt 0:00:02]} 25. Rxb6 {[%emt 0:00:01]} Ra2 {[%emt 0:00:01]} 26. Ba1 {[%emt 0:00:02]} Rfa8 {[%emt 0:00:02]} 27. c4 {[%emt 0:00:04]} Qxc4 {[%emt 0:00:05]} 28. Qxc4 {[%emt 0:00:01]} bxc4 {[%emt 0:00:01]} 29. Bd4 {[%emt 0:00:01]} R2a3 {[%emt 0:00:06]} 30. Rxe6 {[%emt 0:00:02]} Bf8 {[%emt 0:00:02]} 31. b5 {[%emt 0:00:01]} Nf4 {[%emt 0:00:01]} 32. Ra6 {[%emt 0:00:04]} Ra2 {[%emt 0:00:01]} 33. Rxa8 {[%emt 0:00:01]} Rxa8 {[%emt 0:00:01]} 34. Ng5 {[%emt 0:00:03] Time (Lag: Av=0.46s, max=0.6s)} 1-0

[Event "Stay Safe Play From Home 256"]
[Site "Emanuel Lasker Arena"]
[Date "2020.06.26"]
[Round "1"]
[White "Fischer_11"]
[Black "Lazieri3"]
[Result "1-0"]
[WhiteElo "1946"]
[BlackElo "2033"]
[Annotator "NA RC"]
[PlyCount "85"]
[EventDate "2020.06.26"]
[EventType "swiss (blitz)"]

1. e4 {[%emt 0:00:01]} c6 {[%emt 0:00:00]} 2. d4 {[%emt 0:00:02]} d5 {[%emt 0:00:00]} 3. exd5 {[%emt 0:00:00]} cxd5 {[%emt 0:00:02]} 4. c4 {[%emt 0:00:00]} Nc6 {[%emt 0:00:00]} 5. cxd5 {[%emt 0:00:01]} Qxd5 {[%emt 0:00:01]} 6. Nf3 {[%emt 0:00:00]} Nf6 {[%emt 0:00:01]} 7. Nc3 {[%emt 0:00:01]} Qa5 {[%emt 0:00:01]} 8. d5 {[%emt 0:00:00]} Nb8 {[%emt 0:00:04]} 9. Bd2 {[%emt 0:00:01]} Bd7 {[%emt 0:00:01]} 10. Nb5 {[%emt 0:00:02]} Qd8 {[%emt 0:00:01]} 11. Rc1 {[%emt 0:00:03]} Na6 {[%emt 0:00:02]} 12. d6 {[%emt 0:00:03]} exd6 {[%emt 0:00:03]} 13. Qe2+ {[%emt 0:00:03]} Be7 {[%emt 0:00:01]} 14. Nxd6+ {[%emt 0:00:01]} Kf8 {[%emt 0:00:01]} 15. Nxb7 {[%emt 0:00:08]} Qb6 {[%emt 0:00:05]} 16. Qxa6 {[%emt 0:00:03]} Qxa6 {[%emt 0:00:01]} 17. Bxa6 {[%emt 0:00:00]} g6 {[%emt 0:00:05]} 18. Nc5 {[%emt 0:00:01]} Bc6 {[%emt 0:00:02]} 19. O-O {[%emt 0:00:01]} Bxf3 {[%emt 0:00:01]} 20. gxf3 {[%emt 0:00:01]} Kg7 {[%emt 0:00:02]} 21. Bc3 {[%emt 0:00:03]} Rhd8 {[%emt 0:00:03]} 22. Ne4 {[%emt 0:00:02]} Rab8 {[%emt 0:00:06]} 23. Rfd1 {[%emt 0:00:03]} Rxd1+ {[%emt 0:00:02]} 24. Rxd1 {[%emt 0:00:00]} Rb6 {[%emt 0:00:01]} 25. Bc4 {[%emt 0:00:02]} g5 {[%emt 0:00:05]} 26. Nxg5 {[%emt 0:00:03]} Kg6 {[%emt 0:00:01]} 27. Ne4 {[%emt 0:00:04]} Nxe4 {[%emt 0:00:01]} 28. fxe4 {[%emt 0:00:00]} Bb4 {[%emt 0:00:01]} 29. Bb3 {[%emt 0:00:01]} Bxc3 {[%emt 0:00:01]} 30. bxc3 {[%emt 0:00:00]} a5 {[%emt 0:00:00]} 31. Bc4 {[%emt 0:00:02]} Rc6 {[%emt 0:00:01]} 32. Bd5 {[%emt 0:00:00]} Rxc3 {[%emt 0:00:01]} 33. Kg2 {[%emt 0:00:00]} Rc2 {[%emt 0:00:01]} 34. Rd3 {[%emt 0:00:01]} a4 {[%emt 0:00:00]} 35. Rg3+ {[%emt 0:00:00]} Kf6 {[%emt 0:00:01]} 36. Rf3+ {[%emt 0:00:00]} Ke5 {[%emt 0:00:00]} 37. Rxf7 {[%emt 0:00:00]} Kd4 {[%emt 0:00:00]} 38. Re7 {[%emt 0:00:00]} a3 {[%emt 0:00:00]} 39. Rb7 {[%emt 0:00:00]} Rb2 {[%emt 0:00:00]} 40. Ra7 {[%emt 0:00:03]} Rxa2 {[%emt 0:00:01]} 41. Ra4+ {[%emt 0:00:00]} Ke5 {[%emt 0:00:01]} 42. Rxa3 {[%emt 0:00:00]} h5 {[%emt 0:00:00]} 43. h3 {[%emt 0:00:00] ' (Lag: Av=0.51s, max=0.7s)} 1-0

[Event "Stay Safe Play From Home 256"]
[Site "Emanuel Lasker Arena"]
[Date "2020.06.26"]
[Round "1"]
[White "Grazie"]
[Black "Lamborghini"]
[Result "0-1"]
[WhiteElo "1828"]
[BlackElo "2183"]
[Annotator "TA"]
[PlyCount "88"]
[EventDate "2020.06.26"]
[EventType "swiss (blitz)"]

{[%evp 9,88,0,20,-8,-8,-16,-8,-20,8,3,20,-9,14,3,12,0,20,8,0,0,15,11,22,-85,-65,-131,-116,-112,-75,-62,-24,-18,-14,-16,0,-32,-32,-51,0,0,73,-72,-25,-108,-99,-107,0,0,0,-190,-174,-186,-90,-29983,-29984,-2053,0,-29998,-5710,-1214,-33,-25,0,-34,0,-12841,-12837,-12833,-12829,-29982,-12839,-29987,-29988,-29987,-29988,-29988,-29989,-29989,-29990,-29991,-29990]} 1. d4 Nf6 2. c3 g6 3. g3 Bg7 4. Bg2 O-O 5. Nf3 d6 6. Bg5 {[#] A45: Trompowsky Attack.} Re8 $146 ({Predecessor:} 6... c6 7. Bxf6 Bxf6 8. Nbd2 d5 9. e4 dxe4 10. Nxe4 Bg7 11. O-O Bf5 12. Re1 Nd7 {0-1 (102) Iosif,D (1796)-Zeuner,O (1906) Playchess.com INT 2020}) 7. Bxf6 exf6 8. O-O {The position is equal.} a5 9. e3 a4 10. Nbd2 a3 11. b3 Nd7 12. c4 c5 13. dxc5 dxc5 14. Qc2 Qa5 15. Rad1 Nb8 {[%cal Bd7b8,Bb8c6,Bc6b4][%mdl 32]} 16. e4 (16. Ne4 $11) 16... Nc6 17. Rfe1 (17. Nb1 $1 $15) 17... Nb4 18. Qb1 Be6 19. Nf1 Rad8 20. Ne3 Rxd1 21. Rxd1 h5 22. Nd5 f5 23. Nxb4 Qxb4 ({Better is} 23... cxb4 $15 24. Nd4 Bxd4 25. Rxd4 b5) 24. Ng5 $11 fxe4 (24... Qc3 $11) 25. Nxe4 ({Much worse is} 25. Qxe4 Bf6 $11) (25. Bxe4 $16 Bg4 26. Bd5 $1 {[%mdl 512]}) 25... Bd4 26. Qd3 (26. Rxd4 $11 {keeps the balance.} cxd4 27. Nf6+ {[%mdl 64] Double Attack} Kf8 28. Nxe8 Kxe8 29. Be4) 26... Bf5 $17 27. Kh1 Bxe4 (27... Kg7 $17 28. Qc2 h4 $1 {[%mdl 512]} 29. gxh4 Qb6) 28. Bxe4 $11 Kg7 29. f4 $2 (29. Kg2 $11) 29... f5 $19 30. Bd5 {[#]} Re1+ (30... Re3 $1 $19 {[%cal Re3d3] is more deadly.} 31. Qc2 Qc3 32. Qxc3 Bxc3) 31. Rxe1 $4 {[%mdl 8192]} (31. Kg2 $17) 31... Qxe1+ 32. Kg2 h4 $2 ({Black should play} 32... Qf2+ $19 33. Kh3 Qxa2) 33. gxh4 $2 {[%mdl 8192]} ({Don't blunder} 33. Kh3 $2 Qf2 $19) (33. Qc2 $11) 33... Qf2+ (33... Qg1+ $142 34. Kh3 Qg4#) 34. Kh3 Qxf4 $2 (34... Qxa2 $19 35. Qd1 Qf2) 35. Qg3 $15 Qd2 36. Bxb7 (36. h5 $5 {[%cal Rg3g6]} Qe3 37. Qxe3 (37. hxg6 Qh6+ 38. Kg2 Qd2+ 39. Kh3 Qxa2 $11) (37. Bxb7 Qxg3+ 38. Kxg3 gxh5 $11) 37... Bxe3 38. hxg6 $11) 36... Qxa2 37. Qc7+ $2 {[%mdl 8192] [#]} (37. h5 $11 Qf2 38. Qxg6+ Kf8 39. Qd6+ Kg7 40. Qg6+ Kf8 41. Qd6+ Kg7 42. Qg6+) 37... Kh6 $1 $19 38. Qf4+ Kh7 39. Qc7+ Bg7 40. Bd5 Qxb3+ {Black mates.} 41. Kg2 Qb2+ 42. Kg3 Qc3+ 43. Kg2 Qd2+ 44. Kg3 Qe3+ {Accuracy: White = 45%, Black = 66%.} 0-1

[Event "Stay Safe Play From Home 256"]
[Site "Emanuel Lasker Arena"]
[Date "2020.06.26"]
[Round "1"]
[White "Grizzzly"]
[Black "Toosieslide"]
[Result "0-1"]
[WhiteElo "1815"]
[BlackElo "2318"]
[Annotator "TA"]
[PlyCount "58"]
[EventDate "2020.06.26"]
[EventType "swiss (blitz)"]

{[%evp 16,58,14,21,28,8,15,0,31,10,47,54,52,44,75,27,51,30,33,23,85,94,86,26,40,27,82,28,442,2,10,-52,0,-15,-12,-79,-89,-176,-170,-750,-778,-770,-761,-29991,-29992]} 1. d4 d5 2. c4 c6 3. Nc3 Nf6 4. cxd5 cxd5 5. Nf3 Nc6 6. Bf4 Ne4 7. e3 Nxc3 8. bxc3 e6 9. Bd3 Bd6 {D13: Slav Defence: Exchange variation without ...Bf5.} 10. Bxd6 Qxd6 11. O-O h6 {The position is equal.} 12. e4 dxe4 13. Bxe4 O-O 14. Re1 Bd7 {[#]} 15. Qe2 $146 ({Predecessor:} 15. Bc2 Rac8 16. Qd3 g6 17. h4 e5 18. Qe3 exd4 19. Qxh6 {0-1 (37) Kapnisis,S (2464)-Saric,I (2621) Achaia 2017}) 15... Rac8 16. Rac1 Na5 17. Bb1 a6 (17... Nc4 $11) 18. Qd3 {[%csl Gb1][%cal Rd3h7]} f5 19. Ne5 (19. c4 $16) 19... Bb5 20. Qg3 Rce8 (20... Qc7 $11) 21. Qg6 (21. c4 $16 Ba4 22. Ng6 Qxg3 23. hxg3 (23. fxg3 Rf6 $14)) 21... Nc6 $2 {[%mdl 8192] [#]} (21... Re7 $11) 22. Nxc6 $2 (22. Bxf5 $1 $18 {[%mdl 512]} Rxf5 (22... exf5 23. Qxd6) 23. Qxe8+ Rf8 24. Qd7) 22... Bxc6 23. Rcd1 (23. Bc2 $11) 23... Qd5 ({Black should try} 23... Rf6 $15 24. Qg3 Qxg3 25. fxg3 Bd5) 24. Qg3 (24. Re5 $5 {[%cal Re5d5]} Qc4 25. h3 $11) 24... Qc4 25. Re5 (25. Rc1 $11 {remains equal.}) 25... Bd5 $17 26. Rde1 (26. Qe3 $17) 26... Rc8 $19 27. R5e3 $2 (27. R5e2) 27... f4 {[%mdl 64] [#] Double Attack} 28. Qg6 fxe3 29. Re2 Qxe2 {Accuracy: White = 38%, Black = 56%.} 0-1

[Event "Stay Safe Play From Home 256"]
[Site "Emanuel Lasker Arena"]
[Date "2020.06.26"]
[Round "2"]
[White "Lnram"]
[Black "SoulofWolf"]
[Result "1-0"]
[WhiteElo "2474"]
[BlackElo "2279"]
[Annotator "TA"]
[PlyCount "69"]
[EventDate "2020.06.26"]
[EventType "swiss (blitz)"]

{[%evp 14,69,59,33,74,79,129,64,65,55,91,50,36,-46,4,0,4,-2,0,-3,0,0,32,17,96,-154,217,197,200,108,109,120,290,290,325,308,344,333,1139,1127,978,569,545,405,897,875,1210,1194,29982,0,0,0,29993,29994,29994,29995,29995,29996]} 1. g3 e6 2. Bg2 d6 3. Nf3 Nf6 4. O-O g6 5. d4 Bg7 6. c4 O-O 7. Nc3 Nbd7 8. e4 Rb8 {[#] E60: King's Indian: Unusual lines and Fianchetto Variation without Nc3.} 9. Qe2 $146 ({Predecessor:} 9. Rb1 b6 10. Re1 Bb7 11. b4 c5 12. bxc5 dxc5 13. Bf4 Ra8 14. Bd6 cxd4 15. Bxf8 Qxf8 16. Nxd4 {1-0 (25) Ruzicka,V (1683)-Nigrin,J (1611) Prague 2019}) 9... b6 10. Rd1 (10. e5 $16) 10... Bb7 $14 {White is slightly better.} 11. e5 Ne8 12. exd6 Nxd6 13. d5 (13. Bf4 $14) 13... e5 (13... Bxc3 $5 14. bxc3 Re8 $15) 14. Bg5 f6 15. Bc1 Re8 16. b3 a5 17. Ba3 Nf5 18. Ne4 h6 (18... Nh6 $11) 19. d6 $2 (19. Rac1 $16) 19... cxd6 $2 (19... c5 $1 $17 {and life is bright. aiming for ...Nd4.} 20. Re1 Nd4 21. Nxd4 exd4) 20. Nxd6 $18 Nxd6 21. Rxd6 (21. Bxd6 $18 Ra8 22. c5 $1 {[%mdl 512]} bxc5 23. Qc4+ Kh7 24. Ng5+ $1 {[%mdl 576] Discovered Attack} hxg5 25. Bxb7) 21... Qc7 $16 22. Rad1 Nc5 $2 (22... Nf8 $16) 23. Bxc5 $18 Qxc5 {[#]} 24. Nh4 $1 Bxg2 25. Kxg2 Kh7 $2 (25... Qc7 26. Rd7 Qc6+ 27. Kg1 Rb7) 26. Qg4 g5 27. Qf5+ Kg8 28. Ng6 e4 (28... Qc8 $142 29. Rd7 Qc6+ 30. Kg1 Qe6) 29. R1d5 Qc7 30. Rd7 Qc6 31. Rxg7+ $2 (31. Ne7+ {mates} Rxe7 32. Rxe7 Kf8 33. Rdd7 e3+ 34. f3 e2 35. Rxg7 e1=N+ 36. Kh3) 31... Kxg7 $11 32. Rd7+ $40 {[%mdl 128] [#] Black needs to defend precisely.} Kg8 $2 {[%mdl 8192]} (32... Qxd7 $1 $11 {[%mdl 512]} 33. Qxd7+ Kxg6) 33. Ne7+ {White mates.} Rxe7 34. Rxe7 e3+ 35. f3 {Accuracy: White = 47%, Black = 20%.} 1-0

[Event "Stay Safe Play From Home 256"]
[Site "Emanuel Lasker Arena"]
[Date "2020.06.26"]
[Round "2"]
[White "Toosieslide"]
[Black "AChessPlayer"]
[Result "0-1"]
[WhiteElo "2319"]
[BlackElo "2403"]
[Annotator "TA"]
[PlyCount "72"]
[EventDate "2020.06.26"]
[EventType "swiss (blitz)"]

{[%evp 16,72,54,41,39,21,48,20,46,25,40,35,74,56,43,36,50,25,37,33,13,-85,25,-78,-99,-95,-81,-77,-70,-35,35,43,48,-37,-58,-291,-125,-135,99,-32,0,-57,0,-239,-152,-309,-182,-821,-441,-849,-868,-863,-843,-848,-854,-1000,-1006,-1149,-1114]} 1. d4 Nf6 2. c4 c5 3. d5 e6 4. Nc3 exd5 5. cxd5 d6 6. Nf3 g6 7. Bf4 a6 8. a4 Bg7 9. e3 O-O {A61: Modern Benoni: Nf3 without early e4.} 10. Bd3 {[#]} Ne8 $146 ({Predecessor:} 10... Re8 11. h3 Nbd7 12. O-O Ne5 13. Nxe5 dxe5 14. Bg5 h6 15. Bh4 g5 16. Bg3 g4 17. hxg4 Bxg4 {1-0 (50) Fodor,T (2499)-Maisuradze,N (2323) Hampstead 2014}) 11. O-O Nd7 {The position is equal.} 12. Nd2 Qe7 13. Nc4 Rb8 14. a5 (14. Qb3 {is more complex.} f5 15. h3 b6 16. Rfe1 Be5 17. Bf1) 14... Ne5 15. Bxe5 Bxe5 16. f4 Bg7 17. e4 Bd7 18. Re1 (18. Qe2 $11 {remains equal.}) 18... Bb5 ({Black should play} 18... Bd4+ $17 19. Kh1 Nf6) 19. Nxb5 (19. Nb6 $11) 19... axb5 $17 20. Nb6 c4 {Hoping for ...Bd4+.} 21. Bc2 Bxb2 22. Rb1 Bg7 (22... Bc3 $15 23. Re3 Bxa5 24. Rxb5 Bxb6 25. Rxb6 Nf6) 23. Rxb5 $14 Nc7 24. Rb4 (24. Rb1 $14) 24... Bc3 $15 {[%mdl 64] Double Attack} 25. Rxc4 $2 (25. Rb1 $1 $15 Bxe1 26. Qxe1) 25... Bxe1 (25... Bxa5 $19 {is more deadly.} 26. Qb1 Bxe1 27. Qxe1 Na8) 26. Qxe1 $17 {[#]} Na6 $2 (26... Na8 $1 $17 {And now ...Nxb6 would win.} 27. Na4 b5 28. axb6 Nxb6 29. Nxb6 Rxb6) 27. Rc3 (27. e5 $16) 27... Rfe8 $40 {[%mdl 128] Black is up to no good.} 28. Rh3 (28. Qe3 $11) 28... Qc7 (28... Qf6 $15 29. Nd7 {[%mdl 64] Double Attack} Qd4+ 30. Qf2 Qxf2+ 31. Kxf2 Rbc8 32. Nf6+ {[%mdl 64] Double Attack} Kf8) 29. Qe2 $2 (29. Rc3 $1 $11 {and White stays safe.} Qe7 30. Qe3) 29... Qc5+ 30. Kh1 $2 {[#]} (30. Qf2 $17) 30... Qd4 ({But not} 30... Qxa5 31. Nd7 $17) (30... Nb4 $142 31. Nd7 Qxc2 32. Qxc2 Nxc2 33. Nxb8 Rxb8) 31. Nc4 $2 (31. Re3) 31... Rbd8 {Black is clearly winning.} 32. Rd3 (32. Qf1 $142 Nb4 33. Bb1) 32... Qxc4 $19 33. Rd2 Qxe2 34. Rxe2 Nc5 35. e5 dxe5 36. fxe5 Rxd5 {Accuracy: White = 22%, Black = 29%.} 0-1

[Event "Stay Safe Play From Home 256"]
[Site "Emanuel Lasker Arena"]
[Date "2020.06.26"]
[Round "2"]
[White "Lamborghini"]
[Black "Fischer_11"]
[Result "1-0"]
[WhiteElo "2187"]
[BlackElo "1967"]
[Annotator "NA"]
[PlyCount "57"]
[EventDate "2020.06.26"]
[EventType "swiss (blitz)"]

1. e4 {[%emt 0:00:03]} Nf6 {[%emt 0:00:02]} 2. e5 {[%emt 0:00:01]} Nd5 {[%emt 0:00:00]} 3. d4 {[%emt 0:00:01]} d6 {[%emt 0:00:01]} 4. Nf3 {[%emt 0:00:01]} dxe5 {[%emt 0:00:01]} 5. Nxe5 {[%emt 0:00:01]} Nd7 {[%emt 0:00:00]} 6. Nxf7 {[%emt 0:00:01]} Kxf7 {[%emt 0:00:00]} 7. Qh5+ {[%emt 0:00:01]} Ke6 {[%emt 0:00:00]} 8. c4 {[%emt 0:00:01]} N5f6 {[%emt 0:00:04]} 9. d5+ {[%emt 0:00:01]} Kd6 {[%emt 0:00:00]} 10. Qf7 {[%emt 0:00:01]} Ne5 {[%emt 0:00:02]} 11. Bf4 {[%emt 0:00:01]} c5 {[%emt 0:00:02]} 12. Nc3 {[%emt 0:00:01]} a6 {[%emt 0:00:01]} 13. b4 {[%emt 0:00:01]} Qb6 {[%emt 0:00:01]} 14. Rc1 {[%emt 0:00:01]} g6 {[%emt 0:00:02]} 15. Bd3 {[%emt 0:00:03]} Qc7 {[%emt 0:00:11]} 16. O-O {[%emt 0:00:04]} Kd7 {[%emt 0:00:02]} 17. Bxe5 {[%emt 0:00:03]} Qxe5 {[%emt 0:00:02]} 18. bxc5 {[%emt 0:00:01]} Kd8 {[%emt 0:00:06]} 19. Rfe1 {[%emt 0:00:03]} Qc7 {[%emt 0:00:05]} 20. d6 {[%emt 0:00:03]} exd6 {[%emt 0:00:06]} 21. Qxf6+ {[%emt 0:00:02]} Kd7 {[%emt 0:00:03]} 22. Qxh8 {[%emt 0:00:03]} Be7 {[%emt 0:00:01]} 23. Qxh7 {[%emt 0:00:02]} Qxc5 {[%emt 0:00:02]} 24. Qxe7+ {[%emt 0:00:02]} Kc6 {[%emt 0:00:01]} 25. Nd5 {[%emt 0:00:00]} Bd7 {[%emt 0:00:01]} 26. Be4 {[%emt 0:00:00]} Re8 {[%emt 0:00:02]} 27. Nf6+ {[%emt 0:00:00]} Kb6 {[%emt 0:00:01]} 28. Nxd7+ {[%emt 0:00:01]} Ka7 {[%emt 0:00:02]} 29. Qxe8 {[%emt 0:00:00] Zeit (Lag: Av=0.29s, max=0.7s)} 1-0